000 00437nam a2200181Ia 4500
001 4736
005 20260306145817.0
008 260306t1999||||xx |||||||||||||| ||spa||
041 _aESP
082 _a330.015195
_bG79
100 _aGreene, William H., 1951
_eAUT
245 0 _aAnálisis econométrico
260 _c1999
300 _axxxviii : 913 páginas :
_c26 cm.
650 _aGEN
654 _aCAN
942 _cLIB
_dJUS
_fJUS
_2ddc
_n
999 _c4736
_d4736